Statistics for AVGN Episodes

Click here to take the quiz!

General Stats

  • This quiz has been taken 12 times
  • The average score is 94 of 213

Answer Stats

EpisodeConsoleGame% Correct
1NESCastlevania II: Simon's Quest
100%
100(Peripheral)R.O.B. the Robot
100%
20(Console)Atari 5200
88%
52VariousBatman Part I
88%
53NES/Game Boy/GenesisBatman Part II
88%
211NESBeating Jekyll and Hyde
88%
2NESDr. Jekyll and Mr. Hyde
88%
120Atari 2600E.T. Atari 2600
88%
200aVariousLJN History and Movie Games
88%
200bVariousLJN Sports and Marvel Games
88%
200cVariousLJN Wrestling and Other Games
88%
50Atari 2600/NESSuperman
88%
90NESAction 52
75%
65(Console)Atari Jaguar Part I
75%
66(Console)Atari Jaguar Part II
75%
6NESBack to the Future
75%
17NES/SNESBible Games
75%
118PCBig Rigs: Over the Road Racing
75%
34NESFester's Quest
75%
47(Peripheral)NES Accessories
75%
25(Console)Sega CD
75%
99VariousStar Wars
75%
154PlayStationStar Wars: Masters of Teräs Käsi
75%
51Nintendo 64Superman 64
75%
169Nintendo 64Superman 64 Returns!!
75%
5NESTeenage Mutant Ninja Turtles
75%
14(Peripheral)The Power Glove
75%
93NESZelda II
75%
40(Rant)Chronologically Confused About the Legend of Zelda Timeline
63%
57VariousDracula
63%
37NESDragon's Lair
63%
156SNESEarthBound
63%
12NESFriday the 13th
63%
21NESGhostbusters
63%
23NESGhostbusters: Conclusion
63%
22NESGhostbusters: Follow-Up
63%
134Super FamicomHong Kong 97
63%
131(Console)HyperScan
63%
209VariousIndiana Jones: Crystal Skull + More
63%
48NES/SNESIndiana Jones Trilogy
63%
33(Magazine)Nintendo Power
63%
743DOPlumbers Don't Wear Ties
63%
26(Console)Sega 32X
63%
24VariousSpider-Man
63%
46NESSuper Mario Bros. 3
63%
163Amiga CD32The Town with No Name
63%
10NESTop Gun
63%
210NESA Boy and His Blob
50%
162(Console)Amiga CD32
50%
13NESA Nightmare on Elm Street
50%
115Atari 2600/NES/PCAVGN Games
50%
55NESBattletoads
50%
62NES/CD-i/Game BoyBible Games II
50%
106VariousBible Games III
50%
112NESBill and Ted's Excellent Adventure
50%
31NESBugs Bunny's Birthday Blowout
50%
59(Console)CD-i Part I
50%
60(Console)CD-i Part II
50%
61(Console)CD-i Part III
50%
91NESCheetahmen
50%
15(Rant)Chronologically Confused About Bad Movie and Video Game Sequel Titles
50%
165(Rant)Chronologically Confused about Kingdom Hearts
50%
198(Console)Commodore 64
50%
124Sega GenesisCrazyBus
50%
135TurboGrafx-16Darkwing Duck
50%
119Sega CDDesert Bus
50%
44(Console)Double Vision: Part 1
50%
158XboxDrake of the 99 Dragons
50%
58NES/SNESFrankenstein
50%
147(Peripherals)Game Boy Accessories
50%
92(Rant)Game Glitches
50%
108NESGhosts n' Goblins
50%
164NESHome Alone Games with Macaulay Culkin
50%
29PlayStationIndependence Day
50%
96SNESLester the Unlikely
50%
133(Console)LJN Video Art
50%
7NESMcKids
50%
140NESPaperboy
50%
150ArcadePolybius
50%
89(Consoles)Pong Consoles
50%
41NES/Sega Master SystemRambo
50%
16Sega Master SystemRocky
50%
136Sega DreamcastSeaman
50%
188Game Boy ColorShrek: Fairy Tale Freakdown
50%
49VariousStar Trek
50%
85VariousStreet Fighter 2010
50%
88Atari 2600Swordquest
50%
18(Movie)Teenage Mutant Ninja Turtles III: Part 1
50%
19(Movie)Teenage Mutant Ninja Turtles III: Part 2
50%
3NESThe Karate Kid
50%
30NESThe Simpsons
50%
187NESThe Simpsons: Bartman Meets Radioactive Man
50%
111VariousToxic Crusaders
50%
132GameCubeUniversal Studios Theme Parks Adventure
50%
4NESWho Framed Roger Rabbit
50%
69NESX-Men
50%
191(Console)3DO Interactive Multiplayer
38%
38(Holiday Special)An Angry Nerd Christmas Carol: Part 1
38%
39(Holiday Special)An Angry Nerd Christmas Carol: Part 2
38%
32Atari 2600Atari Porn
38%
109Atari 2600Atari Sports
38%
94NESBack to the Future Re-Revisited
38%
181Sega Saturn/PlayStation 2Bad Final Fight Games
38%
121NESBeetlejuice
38%
75VariousBugs Bunny's Crazy Castle
38%
79NESCastlevania Part I
38%
80NESCastlevania Part II
38%
81SNES/Nintendo 64Castlevania Part III
38%
82Sega Genesis/PlayStationCastlevania Part IV
38%
202VariousContra How I Remember It
38%
105Sega Genesis/CD-iDark Castle
38%
56NESDick Tracy
38%
45(Console)Double Vision: Part 2
38%
208Sega Genesis/Nintendo 64Earthworm Jim Trilogy
38%
183Sega GenesisEcco the Dolphin
38%
206VariousGarfield
38%
77VariousGodzilla
38%
36Atari 2600Halloween
38%
97(Holiday Special)How the Nerd Stole Christmas
38%
86NESHydlide
38%
110NESIkari Warriors
38%
172PCJurassic Park: Trespasser
38%
207NESKid Icarus
38%
170PlayStation 4Life of Black Tiger
38%
73NES/SNESMario is Missing!
38%
9NESMaster Chu and the Drunkard Hu
38%
139VariousMega Man Games
38%
67NESMetal Gear
38%
87NESNinja Gaiden
38%
104NESNintendo World Championships
38%
68(Console)Odyssey
38%
195Sega GensisPac-Man 2: The New Adventures
38%
168PlayStationPepsiman
38%
146PlayStationPlanet of the Apes
38%
176NESRaid 2020
38%
27NESSilver Surfer
38%
145Xbox 360Sonic '06
38%
152Xbox 360Sonic '06 Part 2
38%
71VariousTerminator 2: Judgement Day
38%
35Atari 2600Texas Chainsaw Massacre
38%
102NES/Behind-the-ScenesThe Making of an Angry Video Game Nerd Episode
38%
70VariousThe Terminator
38%
43SNESThe Wizard of Oz
38%
159VariousTomb Raider
38%
166(Magazines)Video Game Magazines
38%
42(Console)Virtual Boy
38%
8NESWally Bear and the NO! Gang
38%
116(Holiday Special)Wish List Part I
38%
117(Holiday Special)Wish List Part II
38%
167(Peripheral)Aladdin Deck Enhancer
25%
123Sega Master SystemALF
25%
114NESAlien 3
25%
141SNES/Sega GenesisBeavis and Butthead
25%
142VariousBerenstain Bears
25%
153GameCubeCharlie's Angels
25%
171PCChex Quest
25%
1923DOCorpse Killer
25%
189NESDarkman
25%
98NESDay Dreamin' Davy
25%
54NESDeadly Towers
25%
179SNESDennis the Menace
25%
28NESDie Hard
25%
157NESDirty Harry
25%
205VariousDoom
25%
11NESDouble Dragon 3
25%
95NESDr. Jekyll and Mr. Hyde Revisited
25%
190VariousFear and Loathing in Vegas Stakes
25%
199Commodore 64Freddy and Jason Commodore 64
25%
197Sega GenesisGreendog: The Beached Surfer Dude!
25%
204NESHudson Hawk
25%
103NESKid Kool
25%
129NESLethal Weapon
25%
155PlayStationLightspan Adventures
25%
83NESLittle Red Hood
25%
127Game Boy ColorMary-Kate and Ashley "Get a Clue"
25%
63Sega GenesisMichael Jackson's Moonwalker
25%
144VariousMighty Morphin Power Rangers
25%
64NESMilon's Secret Castle
25%
182Nintendo 64Mission: Impossible
25%
138Nintendo 64Mortal Kombat Mythologies: Sub-Zero
25%
130Atari 2600Porky's
25%
203WiiPurr Pals
25%
160PlayStationResident Evil: Survivor
25%
151NESRoboCop Games
25%
126NESRocky and Bullwinkle
25%
174VariousSpawn Games
25%
161Sega Genesis/Sega SaturnSuper Hydlide/Virtual Hydlide
25%
76NESSuper Pitfall
25%
122NESTagin' Dragon
25%
186PlayStation2Taito Legends
25%
137Sega SaturnThe Crow
25%
173NESThe Immortal
25%
180SNESThe Incredible Crash Dummies
25%
201NESThe Last Ninja
25%
184NESThe Legend of Kage
25%
175Nintendo 64The Legend of Zelda: Majora's Mask
25%
196NES/SNESThe Rocketeer
25%
113(Console)Tiger Electronic Games
25%
72Commodore 64/FamicomTransformers
25%
148NESTreasure Master
25%
78NES/SNESWayne's World
25%
84NESWinter Games
25%
149NES/SNESWrestling Games
25%
194Nintendo 64Carmageddon 64
13%
185PlayStationCountdown Vampires
13%
177VariousMortal Kombat 1 Ports
13%
178VariousMortal Kombat Ripoffs
13%
125SNESRen and Stimpy: Fire Dogs
13%
107NESSchwarzenegger Games
13%
143(Peripherals)Sega Activator and Aura Interactor
13%
193Sega Game GearSega Game Gear VHS Tapes
13%
101VariousSteven Spielberg Games
13%
128PlaystationV.I.P. with Pamela Anderson
13%

Score Distribution

Percentile by Number Answered

Percent of People with Each Score

Your Score History

You have not taken this quiz